000 00962nam a2200241 a 4500
001 46262
003 BD-RjUL
005 20211209054128.0
008 1608 s1959 sz 100 0 eng
035 _a(BD-RjUL)46380
040 _aDLC
_cFUB
_dBD-RjUL
_beng
041 _aeng
082 _a323.4
_223
_bRUL 1959
111 2 _aInternational Congress of Jurists
_d(1959 :
_cNew Dehli, India)
_9184792
245 1 4 _aThe rule of law in a free society :
_ba report on the International Congress of Jurists, New Delhi, India, January 5-10, 1959 /
_cprepared by Norman S. Marsh ; with a foreword by Jean-Flavien Lalive.
260 _aGeneva :
_bInternational Commission of Jurists,
_c1959.
300 _axi, 340 p. ;
_c24 cm.
500 _aAt head of title: International Commission of Jurists.
650 0 _aRule of law
_xCongresses.
_9141293
700 1 _aMarsh, Norman S.
_9141294
710 2 _aInternational Commission of Jurists (1952- )
_9141295
942 _2ddc
_cBK
999 _c46262
_d46262